=LDR 00000nam 2200000 4500 =001 NUTBA000000000005807 =005 20141111084911.0 =006 =007 =008 =020 ##$$a 9786028551533 =035 ##$$a 0010-111400000000286 =040 ##$$a NBPDMAT =082 ##$$a 635.9 =090 ##$$a 635.9 $b Din e =100 ##$$a Dinda Mahariesti =245 ##$$a Ensiklopedi bunga penghias halaman / $c Dinda Mahariesti =260 ##$$a Jakarta : $b Buana Cipta Pustaka, $c 2009 =300 ##$$a 82 hlm. : $b ilus. ; $c 24 cm. =500 ##$$a Bibliografi : hlm. 81 =650 ##$$a Tanaman Hias =850 ##$$a NBPDMAT